Review of maritime transport 2007 : report

Αποθηκεύτηκε σε:
Λεπτομέρειες βιβλιογραφικής εγγραφής
Συγγραφή απο Οργανισμό/Αρχή: United Nations Conference on Trade and Development Secretariat
Μορφή: Βιβλίο
Γλώσσα:English
Δημοσίευση: New York : United Nations, 2007
Θέματα:
Ετικέτες: Προσθήκη ετικέτας
Δεν υπάρχουν, Καταχωρήστε ετικέτα πρώτοι!

MARC

LEADER 00000cam a2200000 i 4500
001 1/89362
008 080623s2007 eng d
020 |a 978-92-1-112725-6 
022 |a 05667682 
035 |l 10098350 
040 |a GR-MY-UA  |b gre  |e aacr 
041 0 |a eng 
082 0 |a 387.50212  |2 (22) 
245 1 0 |a Review of maritime transport 2007 :  |b report /  |c by the UNCTAD secretariat 
260 |a New York :   |b United Nations,   |c 2007 
300 |a xiii, 153 σ.;  |b διαγρ., πίν.;  |c 30 εκ. 
650 0 0 |a Shipping  |x Statistics  |x Periodicals. 
650 0 0 |a Merchant marine  |x Statistics  |x Periodicals. 
710 2 |a United Nations Conference on Trade and Development  |b Secretariat. 
852 |a INST  |b CHIOS  |e 20080623  |h 387.50212 UNI  |p 005200027227  |q 005200027227  |t BK  |y 0 
901 |a BIBL2-2008-2 
909 |a Χ  |b 146552 
970 |a ΒΑΣΙΛΑΚΗ  |b ΝΙΚΗ  |z 2008/06/23